Dvssarem Pvranna : padre estavan gadlelen 1618 A.D (Record no. 226322)
[ view plain ]
| 000 -LEADER | |
|---|---|
| fixed length control field | 00551nam a22001937a 4500 |
| 005 - DATE AND TIME OF LATEST TRANSACTION | |
| control field | 20250604164336.0 |
| 008 - FIXED-LENGTH DATA ELEMENTS--GENERAL INFORMATION | |
| fixed length control field | 230107b ||||| |||| 00| 0 eng d |
| 040 ## - CATALOGING SOURCE | |
| Transcribing agency | AL |
| 041 ## - LANGUAGE CODE | |
| Language code of text/sound track or separate title | Konkani |
| 082 ## - DEWEY DECIMAL CLASSIFICATION NUMBER | |
| Edition number | 23 |
| Item number | STED |
| Classification number | 220 |
| 100 ## - MAIN ENTRY--PERSONAL NAME | |
| Personal name | Fr.Stephens |
| 100 ## - MAIN ENTRY--PERSONAL NAME | |
| 9 (RLIN) | 212784 |
| 245 ## - TITLE STATEMENT | |
| Title | Dvssarem Pvranna : padre estavan gadlelen 1618 A.D |
| 260 ## - PUBLICATION, DISTRIBUTION, ETC. | |
| Date of publication, distribution, etc. | 1618 |
| 300 ## - PHYSICAL DESCRIPTION | |
| Other physical details | HB |
| Dimensions | 28x20 cm. |
| 650 ## - SUBJECT ADDED ENTRY--TOPICAL TERM | |
| Topical term or geographic name entry element | Metrical Version of the New Testament of the Holy Bible |
| 9 (RLIN) | 68855 |
| 650 ## - SUBJECT ADDED ENTRY--TOPICAL TERM | |
| Topical term or geographic name entry element | father Thomas Stephens |
| 9 (RLIN) | 212785 |
| 700 ## - ADDED ENTRY--PERSONAL NAME | |
| Personal name | STEPHENS SJ |
| 9 (RLIN) | 68856 |
| 942 ## - ADDED ENTRY ELEMENTS (KOHA) | |
| Source of classification or shelving scheme | Dewey Decimal Classification |
| Koha item type | Book |
| Withdrawn status | Lost status | Source of classification or shelving scheme | Damaged status | Not for loan | Collection code | Home library | Current library | Date acquired | Total Checkouts | Full call number | Barcode | Date last seen | Price effective from | Koha item type | Public note |
|---|---|---|---|---|---|---|---|---|---|---|---|---|---|---|---|
| Dewey Decimal Classification | Rare Book | Others | St Aloysius Library | St Aloysius Library | 01/07/2023 | 220 STED | D04019 | 01/07/2023 | 01/07/2023 | Book | Presented by J A saldhana |